Kleines Lexikon der Druckschwierigkeiten ein Ratgeber von A bis Z für den Buchdrucker

Bibliographic Details
Main Author: Zorn, Rudolf (Author)
Format: Book
Language:German
PhysicalDescription:141 strán ilustrácie, schémy 18 cm
Published: Leipzig Fachbuchverlag 1955
Subjects:

MARC

LEADER 00000cam a2200000 4500
001 vtls010290418
003 SK-MaSNL
005 20260301031859.0
008 110704s1955 gw al g f 000 0 ger
040 |a SNK  |b slo  |c SNK  |e rda 
041 0 |a ger 
044 |a gw  |c DE 
072 7 |a 655  |x Polygrafia. Vydavateľstvá a knižný obchod  |2 kníhtlač 
080 |a 655.1/.3  |2 2011 
080 |a 655.322  |2 2011 
080 |a 655.3  |2 2011 
080 |a (031)  |2 2011 
080 |a (035)  |2 2011 
100 1 |a Zorn, Rudolf  |4 aut  |9 328146 
245 1 0 |a Kleines Lexikon der Druckschwierigkeiten  |b ein Ratgeber von A bis Z für den Buchdrucker  |c von Rudolf Zorn 
264 1 |a Leipzig  |b Fachbuchverlag  |c 1955 
300 |a 141 strán  |b ilustrácie, schémy  |c 18 cm 
336 |a text  |b txt  |2 rdacontent 
337 |a bez média  |b n  |2 rdamedia 
338 |a zväzok  |b nc  |2 rdacarrier 
500 |a Obsahuje terminologický slovník 
650 0 7 |a polygrafia  |2 SNKPH  |9 31181 
650 0 7 |a kníhtlač  |2 SNKPH  |9 30985 
650 0 7 |a tlačové techniky  |2 SNKPH  |9 73936 
650 0 7 |a Graphic arts  |2 SNKPHeng  |9 267980 
650 0 7 |a Letterpress printing  |2 SNKPHeng  |9 277913 
650 0 7 |a Printing methods  |2 SNKPHeng  |9 328147 
655 7 |a lexikóny  |2 SNKPH  |9 70702 
655 7 |a príručky  |2 SNKPH  |9 74364 
655 7 |a Lexicons  |2 SNKPHeng  |9 286185 
655 7 |a Handbooks, manuals, etc.  |2 SNKPHeng  |9 90964 
999 |c 577473  |d 579403 
952 |a SNK  |b SNK  |y VYP  |7 0  |p 17A0708370  |o snkID 13146  |i snkVIII. 1307/55  |8 3  |3 rekatalogizácia  |0 0  |1 0  |4 0  |d 2011-07-04  |l 0  |r 2026-02-23 14:38:21  |w 2026-02-23